书目信息 |
| 题名: |
插画设计及应用
|
|
| 作者: | 张颖华 主编 | |
| 分册: | ||
| 出版信息: | 武汉 华中科技大学出版社 2021.1 |
|
| 页数: | 104页 | |
| 开本: | 29cm | |
| 丛书名: | ||
| 单 册: | ||
| 中图分类: | J218.5 | |
| 科图分类: | ||
| 主题词: | 插图--绘画--绘画技法 | |
| 电子资源: | ||
| ISBN: | 978-7-5680-2942-1 | |
| 000 | 01625nam0 2200265 45 | |
| 001 | 012001000792 | |
| 005 | 20130909153611.0 | |
| 010 | @a978-7-5680-2942-1@dCNY50.00 | |
| 099 | @aCAL 012017153580 | |
| 100 | @a20171102d2017 em y0chiy0110 ea | |
| 101 | 0 | @achi |
| 102 | @aCN@b420000 | |
| 105 | @aa a 000yy | |
| 106 | @ar | |
| 200 | 1 | @a插画设计及应用@ACha Hua She Ji Ji Ying Yong@f张颖华 等主编 |
| 210 | @a武汉@c华中科技大学出版社@d2021.1 | |
| 215 | @a104页@c彩图@d29cm | |
| 320 | @a有书目 (第104与) | |
| 330 | @a插画设计与应用是使用电脑或手绘制作的插画效果,被广泛应用于出版、商业美术等各个领域。编者在编著过程中以理论结合实践为出发点,将理论学习和实践方法相融合、将插画设计及创意思维相延伸作为本书的编写内核,希望本书能成为读者打开插画设计大门的一把钥匙。本书按照插画设计与应用的各大模块分为6章,分别为插画设计概要、插画的类别、插画的应用、不同风格插画的表现方法、插画的图形创意、插画师应具备的素质。每一章都对插画设计进行了系统的理论分析,并安排了大量的插画案例和作品赏析,使读者在学习理论的同时又可以欣赏优秀的作品,了解不同插画大师的作品,开拓眼界,丰富知识体系。尤其本书在不同风格插画的表现方法一章中进行了插画设计案例步骤的具体讲解,给读者一个完整的设计思路和表现方法。通过对本书的学习,可以使读者在插画认识、插画表现、插画创意上获得提升。本书由张颖华、冯波、廖丰丰、刘洪艳主编。吴钰、邱一丹、戚芷芸等同学参加编写和整理。由于编者水平有限,书中难免有疏漏之处,希望广大专家、读者批评指正。 | |
| 333 | @a本科院校学生和艺术爱好者 | |
| 606 | 0 | @a插图@x绘画@x绘画技法 |
| 690 | @aJ218.5@v5 | |
| 701 | 0 | @a张颖华@AZhang Ying Hua@4主编 |
| 801 | @aCN@b江苏凤凰@c20211018 | |
| 905 | @b1341054-7@dJ218.5@e1239@f4 | |
| 插画设计及应用/张颖华 等主编.-武汉:华中科技大学出版社,2021.1 |
| 104页:彩图;29cm |
| 使用对象:本科院校学生和艺术爱好者 |
| ISBN 978-7-5680-2942-1:CNY50.00 |
| 插画设计与应用是使用电脑或手绘制作的插画效果,被广泛应用于出版、商业美术等各个领域。编者在编著过程中以理论结合实践为出发点,将理论学习和实践方法相融合、将插画设计及创意思维相延伸作为本书的编写内核,希望本书能成为读者打开插画设计大门的一把钥匙。本书按照插画设计与应用的各大模块分为6章,分别为插画设计概要、插画的类别、插画的应用、不同风格插画的表现方法、插画的图形创意、插画师应具备的素质。每一章都对插画设计进行了系统的理论分析,并安排了大量的插画案例和作品赏析,使读者在学习理论的同时又可以欣赏优秀的作品,了解不同插画大师的作品,开拓眼界,丰富知识体系。尤其本书在不同风格插画的表现方法一章中进行了插画设计案例步骤的具体讲解,给读者一个完整的设计思路和表现方法。通过对本书的学习,可以使读者在插画认识、插画表现、插画创意上获得提升。本书由张颖华、冯波、廖丰丰、刘洪艳主编。吴钰、邱一丹、戚芷芸等同学参加编写和整理。由于编者水平有限,书中难免有疏漏之处,希望广大专家、读者批评指正。 |
| ● |
| 相关链接 |
|
|
|
|
正题名:插画设计及应用
索取号:J218.5/1239
 
预约/预借
| 序号 | 登录号 | 条形码 | 馆藏地/架位号 | 状态 | 备注 |
| 1 | 1341054 | 213410548 | 第一样本阅览室/ [索取号:J218.5/1239] | 在馆 | |
| 2 | 1341055 | 213410557 | 第一借阅区/ [索取号:J218.5/1239] | 在馆 | |
| 3 | 1341056 | 213410566 | 第一借阅区/ [索取号:J218.5/1239] | 在馆 | |
| 4 | 1341057 | 213410575 | 第一借阅区/ [索取号:J218.5/1239] | 在馆 |